[Event "27th CRO-chT 1A-Men 2018"]
[Site "Biograd"]
[Date "2018.09.10"]
[Round "3.10"]
[White "Mrkonjic, Nenad"]
[Black "Zovko, Mario"]
[Result "1-0"]
[WhiteElo "2352"]
[BlackElo "2328"]
[Annotator "ChessBase"]
[PlyCount "143"]
[EventDate "2018.09.08"]
[EventType "team-tourn"]
[EventCountry "CRO"]
[SourceTitle "playchess.com"]
[Source "ChessBase"]
[SourceQuality "1"]
[TimeControl "40/5400+30:1800+30"]

1. d4 {[%emt 0:00:30]} d5 {[%emt 0:00:30]} 2. c4 {[%emt 0:01:30]} e6 {[%emt 0:00:30]} 3. Nc3 {[%emt 0:01:30]} Nf6 {[%emt 0:00:00]} 4. Nf3 {[%emt 0:00:30]} Bb4 {[%emt 0:00:00]} 5. a3 {[%emt 0:00:30]} Bxc3+ {[%emt 0:00:30]} 6. bxc3 {[%emt 0:00:00]} O-O {[%emt 0:00:30]} 7. Bg5 {[%emt 0:06:00]} h6 {[%emt 0:01:30]} 8. Bxf6 {[%emt 0:01:30]} Qxf6 {[%emt 0:01:30]} 9. e3 {[%emt 0:00:30]} Nd7 {[%emt 0:02:30]} 10. Be2 {[%emt 0:04:30]} dxc4 {[%emt 0:09:30]} 11. Bxc4 {[%emt 0:01:30]} c5 {[%emt 0:00:30]} 12. O-O {[%emt 0:00:00]} e5 {[%emt 0:06:30]} 13. Qb3 {[%emt 0:01:00]} cxd4 {[%emt 0:02:30]} 14. cxd4 {[%emt 0:00:30]} exd4 {[%emt 0:00:00]} 15. Nxd4 {[%emt 0:01:30]} Nc5 {[%emt 0:04:00]} 16. Qb4 {[%emt 0:13:30]} b6 {[%emt 0:05:30]} 17. Bd5 {[%emt 0:01:30]} Bb7 {[%emt 0:00:30]} 18. Bxb7 {[%emt 0:02:30]} Nxb7 {[%emt 0:00:30]} 19. a4 {[%emt 0:00:00]} Rfc8 {[%emt 0:11:30]} 20. Qb5 {[%emt 0:08:00]} Na5 {[%emt 0:17:30]} 21. Rac1 {[%emt 0:03:30]} Qd8 {[%emt 0:07:30]} 22. Nf5 {[%emt 0:04:30]} Qf6 {[%emt 0:01:30]} 23. Rfd1 {[%emt 0:12:30]} Rd8 {[%emt 0:02:30]} 24. Nd4 {[%emt 0:00:30]} Qd6 {[%emt 0:01:30]} 25. Rc3 {[%emt 0:02:30]} Rac8 {[%emt 0:03:54]} 26. Rdc1 {[%emt 0:00:30]} Rxc3 {[%emt 0:01:37]} 27. Rxc3 {[%emt 0:00:30]} Nb7 {[%emt 0:01:32]} 28. Rc6 {[%emt 0:07:30]} Qd7 {[%emt 0:01:48]} 29. g3 {[%emt 0:03:30]} Na5 {[%emt 0:04:23]} 30. Rc3 {[%emt 0:00:30]} Qb7 {[%emt 0:00:54]} 31. Qe5 {[%emt 0:00:30]} f6 {[%emt 0:06:33]} 32. Qe6+ {[%emt 0:00:30]} Kh8 {[%emt 0:00:12]} 33. h4 {[%emt 0:00:30]} Qd7 {[%emt 0:00:50]} 34. Qe4 {[%emt 0:03:34]} Rc8 {[%emt 0:02:28]} 35. Rxc8+ {[%emt 0:00:27]} Qxc8 {[%emt 0:00:02]} 36. Qe7 {[%emt 0:00:07]} Nc6 {[%emt 0:00:16]} 37. Nxc6 {[%emt 0:00:28]} Qxc6 {[%emt 0:00:03]} 38. Qxa7 {[%emt 0:00:09]} Kh7 {[%emt 0:00:54]} 39. Qa6 {[%emt 0:00:16]} Qc1+ {[%emt 0:00:16]} 40. Qf1 {[%emt 0:00:00]} Qc5 {[%emt 0:00:00]} 41. Qb1+ {[%emt 0:00:59]} Kg8 {[%emt 0:04:48]} 42. Qe4 {[%emt 0:00:30]} Qc1+ {[%emt 0:00:30]} 43. Kg2 {[%emt 0:00:30]} Qc5 {[%emt 0:00:30]} 44. Qe8+ {[%emt 0:00:30]} Kh7 {[%emt 0:00:30]} 45. Qe6 {[%emt 0:00:30]} Kh8 {[%emt 0:00:30]} 46. Qe8+ {[%emt 0:07:30]} Kh7 {[%emt 0:00:30]} 47. Qb5 {[%emt 0:02:30]} Qc7 {[%emt 0:01:30]} 48. Qd5 {[%emt 0:00:30]} Qc2 {[%emt 0:01:30]} 49. Qd4 {[%emt 0:01:30]} Qb1 {[%emt 0:01:30]} 50. Qc4 {[%emt 0:00:30]} Kh8 {[%emt 0:01:30]} 51. h5 {[%emt 0:00:30]} Qf5 {[%emt 0:01:30]} 52. g4 {[%emt 0:00:30]} Qd7 {[%emt 0:00:30]} 53. Qe4 {[%emt 0:02:30]} Qd6 {[%emt 0:00:30]} 54. Qd4 {[%emt 0:01:30]} Qc6+ {[%emt 0:00:30]} 55. e4 {[%emt 0:02:30]} Qe6 {[%emt 0:00:30]} 56. Kg3 {[%emt 0:01:30]} Qc6 {[%emt 0:00:30]} 57. f4 {[%emt 0:02:30]} Qc1 {[%emt 0:02:30]} 58. e5 {[%emt 0:00:30]} Qe1+ {[%emt 0:01:30]} 59. Qf2 {[%emt 0:03:30]} Qc3+ {[%emt 0:00:30]} 60. Qf3 {[%emt 0:06:30]} Qe1+ {[%emt 0:00:30]} 61. Kh3 {[%emt 0:00:00]} fxe5 {[%emt 0:01:30]} 62. fxe5 {[%emt 0:00:00]} Qxe5 {[%emt 0:00:30]} 63. Qf8+ {[%emt 0:00:30]} Kh7 {[%emt 0:00:30]} 64. Qf5+ {[%emt 0:00:00]} Qxf5 {[%emt 0:00:00]} 65. gxf5 {[%emt 0:00:00]} Kg8 {[%emt 0:00:00]} 66. Kg4 {[%emt 0:00:00]} Kf7 {[%emt 0:00:00]} 67. Kf3 {[%emt 0:00:00]} Ke7 {[%emt 0:04:00]} 68. Ke3 {[%emt 0:00:30]} Kf6 {[%emt 0:05:47]} 69. Ke4 {[%emt 0:03:30]} Kg5 {[%emt 0:06:03]} 70. Kd5 {[%emt 0:00:00]} Kxh5 {[%emt 0:00:14]} 71. Kc6 {[%emt 0:00:00]} Kg5 {[%emt 0:00:28]} 72. Kxb6 {[%emt 0:00:00]} 1-0

[Event "27th CRO-chT 1A-Men 2018"]
[Site "Biograd"]
[Date "2018.09.10"]
[Round "3.11"]
[White "Cosic, Marin"]
[Black "Feletar, Darko"]
[Result "1/2-1/2"]
[WhiteElo "2227"]
[BlackElo "2364"]
[Annotator "ChessBase"]
[PlyCount "23"]
[EventDate "2018.09.08"]
[EventType "team-tourn"]
[EventCountry "CRO"]
[SourceTitle "playchess.com"]
[Source "ChessBase"]
[SourceQuality "1"]
[TimeControl "40/5400+30:1800+30"]

1. d4 {[%emt 0:03:30]} Nf6 {[%emt 0:02:30]} 2. Nf3 {[%emt 0:00:00]} b6 {[%emt 0:01:30]} 3. Bf4 {[%emt 0:02:00]} Bb7 {[%emt 0:00:30]} 4. e3 {[%emt 0:00:30]} g6 {[%emt 0:00:30]} 5. Be2 {[%emt 0:00:30]} Bg7 {[%emt 0:00:30]} 6. O-O {[%emt 0:00:00]} O-O {[%emt 0:00:00]} 7. c4 {[%emt 0:00:00]} d6 {[%emt 0:03:00]} 8. Nc3 {[%emt 0:01:30]} Nbd7 {[%emt 0:01:30]} 9. Qc2 {[%emt 0:01:30]} Qe8 {[%emt 0:14:30]} 10. Rad1 {[%emt 0:15:30]} a6 {[%emt 0:07:30]} 11. e4 {[%emt 0:08:30]} e5 {[%emt 0:10:30]} 12. dxe5 {[%emt 0:00:30]} 1/2-1/2

[Event "27th CRO-chT 1A-Men 2018"]
[Site "Biograd"]
[Date "2018.09.10"]
[Round "3.12"]
[White "Jukic, Branimir"]
[Black "Zivkovic, Nikola"]
[Result "1-0"]
[WhiteElo "2377"]
[BlackElo "2144"]
[Annotator "NA"]
[PlyCount "73"]
[EventDate "2018.09.08"]
[EventType "team-tourn"]
[EventCountry "CRO"]
[SourceTitle "playchess.com"]
[Source "ChessBase"]
[SourceQuality "1"]
[TimeControl "40/5400+30:1800+30"]

1. e4 {[%emt 0:03:30]} c5 {[%emt 0:00:30]} 2. Nf3 {[%emt 0:00:30]} d6 {[%emt 0:00:00]} 3. d4 {[%emt 0:00:00]} cxd4 {[%emt 0:00:00]} 4. Nxd4 {[%emt 0:00:00]} Nf6 {[%emt 0:00:30]} 5. Nc3 {[%emt 0:00:30]} a6 {[%emt 0:00:30]} 6. Bg5 {[%emt 0:00:30]} e6 {[%emt 0:00:00]} 7. f4 {[%emt 0:00:00]} Be7 {[%emt 0:00:00]} 8. Qf3 {[%emt 0:00:00]} Qc7 {[%emt 0:00:30]} 9. O-O-O {[%emt 0:00:30]} Nbd7 {[%emt 0:00:30]} 10. g4 {[%emt 0:00:30] LiveBook: 1232 Partien} b5 {[%emt 0:02:30]} 11. Bxf6 {[%emt 0:00:00]} Nxf6 {[%emt 0:00:30]} 12. g5 {[%emt 0:00:00]} Nd7 {[%emt 0:00:00]} 13. f5 {[%emt 0:00:00]} Nc5 {[%emt 0:01:00]} 14. f6 {[%emt 0:00:00]} gxf6 {[%emt 0:00:00]} 15. gxf6 {[%emt 0:00:30]} Bf8 {[%emt 0:00:00]} 16. Rg1 {[%emt 0:00:00]} b4 {[%emt 0:02:30]} 17. Nd5 {[%emt 0:00:00]} Qb7 $18 {[%emt 0:11:30]} (17... exd5 $16 {war angesagt.} 18. exd5 Nd7 19. Re1+ Ne5) 18. Rg7 {[%emt 0:01:30]} e5 {[%emt 0:07:30]} 19. Nf5 {[%emt 0:03:30]} Bxf5 {[%emt 0:10:30]} 20. Qxf5 {[%emt 0:01:30]} Ne6 {[%emt 0:02:30]} 21. Qxe6+ {[%emt 0:01:30]} fxe6 {[%emt 0:00:30]} 22. Rxb7 {[%emt 0:00:30]} exd5 {[%emt 0:00:00]} 23. Rxd5 {[%emt 0:00:30]} Bh6+ {[%emt 0:04:00]} 24. Kd1 {[%emt 0:00:30]} Rd8 {[%emt 0:02:30]} 25. Bxa6 {[%emt 0:00:30]} Bg5 {[%emt 0:00:30]} 26. f7+ {[%emt 0:02:30]} Kf8 {[%emt 0:00:30]} 27. Bc4 {[%emt 0:00:30]} h5 {[%emt 0:01:30]} 28. Rd3 {[%emt 0:00:30]} Bf4 {[%emt 0:02:30]} 29. Ke2 {[%emt 0:00:30]} Rh6 {[%emt 0:00:30]} 30. h3 {[%emt 0:00:00]} Rg6 {[%emt 0:00:30]} 31. Rxb4 {[%emt 0:00:00]} Rg2+ {[%emt 0:01:30]} 32. Kf1 {[%emt 0:00:30]} Rxc2 {[%emt 0:00:30]} 33. Rxd6 {[%emt 0:01:30]} Rc8 {[%emt 0:01:30]} 34. b3 {[%emt 0:01:30]} Rxa2 {[%emt 0:00:30]} 35. Rb7 {[%emt 0:01:30]} Rca8 {[%emt 0:03:30]} 36. Rg6 {[%emt 0:00:30]} Ra1+ {[%emt 0:00:30]} 37. Kf2 {[%emt 0:00:30]} 1-0

[Event "27th CRO-chT 1A-Men 2018"]
[Site "Biograd"]
[Date "2018.09.10"]
[Round "3.13"]
[White "Abasov, Nijat"]
[Black "Bosiocic, Marin"]
[Result "1-0"]
[WhiteElo "2632"]
[BlackElo "2600"]
[Annotator "TA"]
[PlyCount "131"]
[EventDate "2018.09.08"]
[EventType "team-tourn"]
[EventCountry "CRO"]
[SourceTitle "playchess.com"]
[Source "ChessBase"]
[SourceQuality "1"]

{[%evp 16,131,17,19,37,29,34,33,61,63,64,42,73,72,77,89,77,69,83,61,67,0,0,0,83,80,63,79,123,122,138,132,135,125,137,145,146,135,138,125,115,116,147,142,162,123,128,114,121,39,57,54,96,95,90,87,111,107,112,105,133,126,115,91,116,93,90,91,107,106,90,96,115,100,101,93,158,161,224,206,217,208,318,289,384,367,380,354,352,322,519,494,982,986,955,745,929,596,1402,1340,904,547,2114,1687,2879,2335,1979,1781,1517,1192,1704,1491,4634,4501,3000,1762,29963,6605]} 1. e4 e5 2. Nf3 Nc6 3. Bb5 Nf6 4. d3 Bc5 5. c3 O-O 6. O-O {C65: Ruy Lopez: Berlin Defence (3...Nf6), unusual lines and 4 0-0 Bc5} d5 7. exd5 Qxd5 8. Bc4 Qd8 9. Nbd2 {LiveBook: 3 Games} a6 $146 ({Predecessor:} 9... h6 10. b4 Bd6 11. Re1 a6 12. a4 Re8 13. Bb2 Bf5 {½-½ (30) Leko,P (2679)-Harikrishna,P (2733) Germany 2018}) 10. a4 Bf5 11. Qe2 Re8 12. Ne4 Nxe4 13. dxe4 Be6 14. Ng5 {[#] Bxe6 is the strong threat.} Bxc4 15. Qxc4 Qe7 16. Nxf7 $1 Na5 17. Nh6+ $1 Kh8 18. Nf7+ Kg8 19. Nh6+ $1 Kh8 20. Qa2 gxh6 21. b4 Ba7 {And now ...Nc6 would win.} 22. bxa5 Qh4 23. Qe2 Rg8 {[#] ( -> ...Qh3)} 24. Kh1 $1 Rg7 25. Rb1 c6 26. g3 Qh3 27. Be3 Bxe3 28. Qxe3 ({Much worse is} 28. fxe3 $6 Rxg3 29. Rxb7 Qh4 $11) 28... Rag8 29. Rfd1 Qe6 30. Qc5 h5 31. Qd6 Qf7 32. Kg1 (32. Qxe5 $16 {Strongly threatening f4.} Qxf2 33. Rf1 (33. Qxh5 Rg5 $16)) 32... Qf4 $1 $14 33. Qd2 Qxe4 34. Rb4 Qf5 35. Qe2 Rf8 36. Re4 Rgf7 {[%cal Rf5f2]} 37. Rd2 Re7 38. Kg2 Qg5 39. Rd3 Rf5 40. Rde3 Qf6 41. f3 {[%cal Bf2f3,Bf3g4][%mdl 32]} Qd6 42. g4 hxg4 43. fxg4 Rf8 44. Rxe5 Ref7 45. c4 Qb4 (45... Qd4 $142) 46. Re8 $16 Qd6 (46... Kg8 $142 47. R3e5 Qc3) 47. Rxf8+ $18 Rxf8 {[%mdl 4096] Endgame KQR-KQR} 48. Re7 Qg6 (48... Qf4 {might work better.} 49. Rxb7 Rd8) 49. h4 {[%cal Bh2h4,Bh4h5][%mdl 32]} ({Don't do} 49. Rxb7 Re8 $18) 49... c5 50. h5 Qf6 51. Re6 Qf7 52. Re5 h6 $2 (52... Qc7 53. Rg5 Qd6) 53. Rxc5 Qf4 (53... Kg8 $142 54. Re5 Qf4) 54. Qe5+ Qxe5 55. Rxe5 {KR-KR} Rf4 56. Kg3 Rxc4 57. Re8+ Kg7 58. Re7+ Kg8 59. Rxb7 Rxa4 60. Rb6 $1 {[%csl LRa6,LRh6]} Ra3+ 61. Kh4 Kg7 62. Rg6+ Kh7 63. Rxa6 Kg7 64. Rg6+ Kh7 65. a6 Rb3 66. Rc6 {Precision: White = 86%, Black = 31%.} 1-0

[Event "27th CRO-chT 1A-Men 2018"]
[Site "Biograd"]
[Date "2018.09.10"]
[Round "3.14"]
[White "Beliavsky, Alexander G"]
[Black "Bogut, Zeljko"]
[Result "1-0"]
[WhiteElo "2540"]
[BlackElo "2415"]
[Annotator "TA"]
[PlyCount "120"]
[EventDate "2018.09.08"]
[EventType "team-tourn"]
[EventCountry "CRO"]
[SourceTitle "playchess.com"]
[Source "ChessBase"]
[SourceQuality "1"]

{[%evp 9,120,64,82,76,77,75,76,74,98,86,94,97,92,77,99,91,108,110,104,94,116,115,118,118,142,142,165,103,105,116,104,106,106,72,65,73,93,93,91,83,132,122,137,137,140,134,142,141,192,236,224,196,187,189,185,185,245,234,243,243,241,226,225,241,223,243,475,480,411,382,361,152,137,166,185,185,226,227,227,239,225,235,229,225,216,217,383,394,380,384,375,366,447,436,658,387,502,491,576,574,572,565,554,546,1148,1105,1669,1633,1432,982,942,901,1974]} 1. d4 c5 2. d5 e5 3. e4 d6 4. Nc3 Be7 5. a4 (5. Bb5+ Kf8 6. f4 a6 7. Be2 exf4 8. Bxf4 Bg5 9. Qd2 Bxf4 10. Qxf4 Qf6 11. Qe3 Qh6 12. Qg3 Qg6 13. Qf4 Qf6 {0-1 (37) Lysyj,I (2691)-Liu,Q (2510) China 2015}) 5... Bg5 {LiveBook: 3 Games} 6. Bxg5 {A44: Semi-Benoni} Qxg5 7. Nf3 {[%cal Bg1f3,Bf3d2,Bd2c4][%mdl 32]} Qe7 8. Nd2 {White is better.} Nf6 9. Nc4 O-O 10. Bd3 $146 ({Predecessor:} 10. Be2 Nbd7 11. g4 Rd8 12. g5 Ne8 {1-0 (30) Deleva,M (2214)-Costa,A (1695) Bourg Saint Maurice 2013}) 10... Nbd7 11. O-O Ne8 12. Qd2 $36 {[%mdl 2048] White has strong initiative.} Nc7 13. Nb5 Ne8 14. a5 a6 15. Nc3 {[%cal Bb5c3,Bc3a4,Ba4b6][%mdl 32]} Rb8 16. Na4 g6 17. Rae1 Ndf6 18. b4 ({Better is} 18. f4 $18) 18... Bd7 $16 19. Nab6 {Threatens to win with bxc5.} cxb4 20. Qxb4 {[#] And now f4 would win.} Bb5 21. f4 (21. Nd2 {seems wilder.} Bxd3 22. cxd3 Nd7 23. Nxd7 Qxd7 24. Nc4) 21... Bxc4 22. Bxc4 Nd7 23. Nxd7 Qxd7 24. Bxa6 exf4 25. Rxf4 Qc7 26. Bd3 Ra8 27. Ra1 f6 28. Rff1 Qc5+ (28... Rf7 $16 29. Rfb1 Qc8) 29. Qxc5 $18 dxc5 30. Rab1 Nd6 31. Rb6 Rad8 32. c3 c4 {[#]} (32... h5 $142 33. Rfb1 Kg7) 33. Bc2 $1 Kg7 34. Kf2 Rfe8 35. Ke3 f5 36. Kd4 fxe4 37. Kc5 Nf5 $2 (37... Rd7 38. Ba4 (38. Rxd6 Rc8+ 39. Kd4 Rxd6 $14) 38... Rc8+ 39. Kd4 Rdd8) 38. Rxb7+ Kh6 39. Re1 Re5 40. a6 ({Weaker is} 40. Kxc4 Rdxd5 41. Kb4 Rxa5 $16) ({Not} 40. Rxe4 Rexd5+ 41. Kxc4 Rxa5 $14) (40. Bxe4 $18 {is the precise move to win.} Ra8 41. Rbb1) 40... Rdxd5+ $16 41. Kb4 Nd6 42. Ba4 Ra5 43. Rb6 Nc8 44. Rb5 Raxb5+ 45. Bxb5 $18 {[%mdl 4096] Endgame KRB-KRN} Na7 46. Bxc4 Nc6+ 47. Ka4 e3 $2 (47... Ra5+ 48. Kb3 Nb8 49. Rxe4 Nxa6) 48. Bb5 Na7 49. Be2 Kg5 50. Rd1 Nc6 51. Rd6 Rc5 (51... Ra5+ $142 52. Kb3 Ne5) 52. Kb3 Kf4 53. Re6 {White is clearly winning.} Ne5 54. a7 Rc8 55. Ra6 Ra8 56. Ka4 Ke4 57. Kb5 Kd5 58. Kb6 Nd7+ 59. Kc7 {Bf3+ is the strong threat.} Nc5 60. Ra5 Rf8 {Precision: White = 82%, Black = 42%.} 1-0

[Event "27th CRO-chT 1A-Men 2018"]
[Site "Biograd"]
[Date "2018.09.10"]
[Round "3.15"]
[White "Galic, Ivan"]
[Black "Sebenik, Matej"]
[Result "1/2-1/2"]
[WhiteElo "2416"]
[BlackElo "2570"]
[Annotator "TA"]
[PlyCount "38"]
[EventDate "2018.09.08"]
[EventType "team-tourn"]
[EventCountry "CRO"]
[SourceTitle "playchess.com"]
[Source "ChessBase"]
[SourceQuality "1"]

{[%evp 16,38,11,0,21,25,56,45,38,23,26,27,25,13,6,0,27,7,4,0,15,0,6,0,24]} 1. c4 c5 2. Nc3 Nf6 3. e4 Nc6 4. Nge2 e6 5. d4 cxd4 6. Nxd4 Bb4 7. Nxc6 bxc6 8. Qc2 e5 {B44: Sizilianisch (Paulsen/Taimanow-Variante)} 9. Bd3 {LiveBook: 5 Partien} Be7 $146 ({Vorgänger:} 9... d6 10. O-O Bc5 11. Na4 Bd4 12. c5 d5 13. Bg5 h6 14. Bxf6 Qxf6 15. exd5 cxd5 16. Nc3 Be6 {½-½ (54) Ibrahimov,R (2518)-Ivanchuk,V (2726) Riadh 2017}) 10. O-O d6 {Weiß hat minimalen Vorteil.} 11. b3 O-O 12. Bb2 Be6 13. Na4 Qc7 14. Rae1 Nd7 15. Be2 Rad8 16. Bf3 Nb6 {Die Stellung ist ausgeglichen.} 17. Nc3 Nd7 18. Na4 Nb6 19. Nc3 Nd7 {Precision: Weiß = 19%, Schwarz = 62%.} 1/2-1/2

[Event "27th CRO-chT 1A-Men 2018"]
[Site "Biograd"]
[Date "2018.09.10"]
[Round "3.16"]
[White "Tica, Sven"]
[Black "Bender, Ivan"]
[Result "1/2-1/2"]
[WhiteElo "2442"]
[BlackElo "2261"]
[Annotator "TA"]
[PlyCount "92"]
[EventDate "2018.09.08"]
[EventType "team-tourn"]
[EventCountry "CRO"]
[SourceTitle "playchess.com"]
[Source "ChessBase"]
[SourceQuality "1"]

{[%evp 18,92,28,0,9,20,4,-31,-36,-32,-16,-10,-13,-22,-16,-28,0,0,55,48,47,41,39,49,50,45,40,0,46,34,57,37,22,0,0,0,0,0,0,0,0,0,0,0,0,0,0,0,0,0,0,0,0,0,0,0,0,0,0,0,0,0,0,0,0,0,0,0,0,0,0,0,0,0,0,0,0]} 1. d4 Nf6 2. c4 e6 3. g3 d5 4. Bg2 Be7 5. Nf3 O-O 6. O-O dxc4 7. Qc2 a6 8. a4 Nc6 9. Qxc4 Qd5 10. Qd3 Rd8 {[%cal Rc6d4] E05: Open Catalan: 5 Nf3 Be7} (10... Qf5 11. Qd1 Rd8 12. Nc3 e5 13. d5 Qh5 14. e4 Bg4 15. Qd3 Nb4 16. Qe2 c6 17. dxc6 Nxc6 18. Be3 {½-½ (90) Marin,M (2580)-Buhmann,R (2615) Medias 2015 CBM 169 [Bulmaga/Rogozenco,D]}) 11. Nc3 Qa5 12. Rd1 e5 $146 {Black is slightly better.} ({Predecessor:} 12... h6 13. e4 Qh5 14. Qe2 e5 15. dxe5 Rxd1+ 16. Qxd1 Ng4 17. h3 Ngxe5 18. Nxe5 Qxd1+ 19. Nxd1 Nxe5 {1-0 (31) Gomez Ledo,R (2434)-Castaneda,J (2129) Santander 2012}) 13. d5 e4 14. Nxe4 Nxd5 {[#] ...Ndb4 is the strong threat.} 15. Bd2 ({Of course not} 15. Neg5 Nf6 $17) 15... Ndb4 16. Qe3 Be6 17. Rdc1 h6 (17... Qb6 $11) 18. Nc5 $36 {[%mdl 2048] White is pushing.} Bxc5 19. Rxc5 Qb6 20. a5 Qa7 21. Rac1 Na2 22. Ra1 {Black must now prevent Qa3.} Rd5 (22... Nab4 {with more complications.}) 23. Rxd5 Qxe3 24. Bxe3 Bxd5 25. Nd4 {The position is equal.} Bxg2 26. Kxg2 {[#] Threatens to win with Nxc6.} Nab4 27. Nxc6 Nxc6 $11 {[%mdl 4096] Endgame KRB-KRN} 28. Bf4 Rd8 29. h4 Rd5 30. Bxc7 Rd2 31. e4 Rxb2 32. h5 Rb5 33. g4 Kf8 34. Ra3 Ke7 35. Kg3 Kd7 36. Bb6 Ne5 37. Rc3 Nc6 38. Ra3 Ne5 39. Rc3 Nc6 40. f4 Ke6 41. Ra3 f6 42. Kf3 Rb1 43. Kg2 Rb2+ 44. Kf3 Rb1 45. Kg2 Rb2+ 46. Kf3 Rb1 {Precision: White = 71%, Black = 71%.} 1/2-1/2

[Event "27th CRO-chT 1A-Men 2018"]
[Site "Biograd"]
[Date "2018.09.10"]
[Round "3.17"]
[White "Brnas, Augustin"]
[Black "Golubovic, Boris"]
[Result "1/2-1/2"]
[WhiteElo "2190"]
[BlackElo "2386"]
[Annotator "NA"]
[PlyCount "32"]
[EventDate "2018.09.08"]
[EventType "team-tourn"]
[EventCountry "CRO"]
[SourceTitle "playchess.com"]
[Source "ChessBase"]
[SourceQuality "1"]
[TimeControl "40/5400+30:1800+30"]

1. e4 {[%emt 0:05:30]} c5 {[%emt 0:02:30]} 2. Nf3 {[%emt 0:01:30]} Nc6 {[%emt 0:00:30]} 3. d4 {[%emt 0:02:30]} cxd4 {[%emt 0:00:30]} 4. Nxd4 {[%emt 0:00:00]} e6 {[%emt 0:04:30]} 5. Nc3 {[%emt 0:22:00]} a6 {[%emt 0:14:30]} 6. Nxc6 {[%emt 0:05:30]} bxc6 {[%emt 0:00:30]} 7. Bd3 {[%emt 0:00:30]} d5 {[%emt 0:04:30]} 8. O-O {[%emt 0:00:30]} Nf6 {[%emt 0:00:30]} 9. Qf3 {[%emt 0:02:30]} Be7 {[%emt 0:15:30]} 10. e5 {[%emt 0:08:30]} Nd7 {[%emt 0:02:30]} 11. Qg3 {[%emt 0:00:30]} g6 {[%emt 0:08:30]} 12. Bh6 {[%emt 0:03:30] LiveBook: 22 Games} c5 {[%emt 0:00:30]} 13. b3 {[%emt 0:00:30]} Bb7 $11 {[%emt 0:04:30]} 14. Rfe1 {[%emt 0:03:30]} Bf8 {[%emt 0:09:30]} 15. Bxf8 {[%emt 0:02:30]} Kxf8 {[%emt 0:04:30]} 16. Rad1 {[%emt 0:01:30]} Kg7 {[%emt 0:00:30]} 1/2-1/2

[Event "27th CRO-chT 1A-Men 2018"]
[Site "Biograd"]
[Date "2018.09.10"]
[Round "3.18"]
[White "Petrov, Jole"]
[Black "Separovic, Tomislav"]
[Result "1-0"]
[WhiteElo "2397"]
[BlackElo "2153"]
[Annotator "NA"]
[PlyCount "103"]
[EventDate "2018.09.08"]
[EventType "team-tourn"]
[EventCountry "CRO"]
[SourceTitle "playchess.com"]
[Source "ChessBase"]
[SourceQuality "1"]
[TimeControl "40/5400+30:1800+30"]

1. Nf3 {[%emt 0:00:30]} d5 {[%emt 0:00:30]} 2. g3 {[%emt 0:00:30]} Nf6 {[%emt 0:00:30]} 3. Bg2 {[%emt 0:00:30]} c5 {[%emt 0:00:30]} 4. c4 {[%emt 0:00:30]} d4 {[%emt 0:00:30]} 5. d3 {[%emt 0:00:30]} Nc6 {[%emt 0:00:30]} 6. O-O {[%emt 0:00:30]} e5 {[%emt 0:01:30]} 7. e3 {[%emt 0:00:00]} Be7 {[%emt 0:00:30]} 8. exd4 {[%emt 0:01:00]} exd4 {[%emt 0:00:30]} 9. Bf4 {[%emt 0:11:30]} O-O {[%emt 0:01:30]} 10. Ne5 {[%emt 0:00:00]} Nxe5 {[%emt 0:01:30]} 11. Bxe5 {[%emt 0:00:00]} Bd6 {[%emt 0:00:30] A09: Réti Opening: 1 Nf3 d5 2 c4} (11... Ng4 12. Re1 Nxe5 13. Rxe5 Bd6 14. Re1 Bf5 15. Qc2 Qd7 16. Nd2 Rae8 17. Ne4 b6 18. f4 Re7 19. Qf2 Rfe8 {½-½ (37) Caruana,F (2823)-Anand,V (2779) Saint Louis 2016}) 12. Bxf6 {[%emt 0:04:30] LiveBook: 19 Partien} Qxf6 {[%emt 0:00:30]} 13. Nd2 {[%emt 0:00:30]} Qd8 {[%emt 0:01:30]} 14. f4 {[%emt 0:13:30]} Rb8 $146 {[%emt 0:06:30]} ({Predecessor:} 14... g6 15. Bd5 Rb8 16. Qf3 Kh8 17. Rfe1 b6 18. Ne4 Be7 19. Re2 {½-½ (27) Martinovic,S (2475)-Janosevic,D (2440) Skender Vakuf (Knezevo) 1980}) 15. f5 {[%emt 0:02:30]} f6 {[%emt 0:06:30]} 16. Bd5+ {[%emt 0:03:30]} Kh8 {[%emt 0:00:30]} 17. Ne4 {[%emt 0:03:30]} b6 {[%emt 0:01:30]} 18. Qf3 {[%emt 0:00:30]} Be5 {[%emt 0:00:30]} 19. Rae1 {[%emt 0:01:30]} Qc7 {[%emt 0:00:30]} 20. Re2 {[%emt 0:03:30]} Bb7 {[%emt 0:00:30]} 21. Bxb7 {[%emt 0:00:30]} Qxb7 {[%emt 0:01:30]} 22. Rfe1 {[%emt 0:00:30]} Qd7 {[%emt 0:08:30]} 23. Ng5 {[%emt 0:14:30]} fxg5 {[%emt 0:04:30]} 24. Rxe5 {[%emt 0:00:00]} Rbe8 {[%emt 0:00:30]} 25. Qe4 {[%emt 0:14:00]} Rxe5 {[%emt 0:01:30]} 26. Qxe5 {[%emt 0:00:30]} h6 {[%emt 0:00:30]} 27. g4 {[%emt 0:00:30]} Qa4 {[%emt 0:04:30]} 28. a3 {[%emt 0:06:05]} Qc2 {[%emt 0:03:30]} 29. Qe7 {[%emt 0:04:17]} Kg8 {[%emt 0:02:30]} 30. Qe6+ {[%emt 0:00:06]} Kh8 {[%emt 0:00:00]} 31. Qe2 {[%emt 0:00:23]} Qa4 {[%emt 0:03:00]} 32. Qe7 {[%emt 0:04:30]} Kg8 {[%emt 0:00:30]} 33. Qe6+ {[%emt 0:00:08]} Kh8 {[%emt 0:00:00]} 34. Qg6 {[%emt 0:00:40]} Qd7 {[%emt 0:11:00]} 35. b4 {[%emt 0:00:44]} Kg8 {[%emt 0:25:04] [#]} (35... Qc7 $1 $11 {keeps the balance.}) 36. b5 $1 {[%emt 0:00:27]} Kh8 {[%emt 0:04:55]} 37. Re4 {[%emt 0:02:29]} Kg8 {[%emt 0:00:21]} 38. Qe6+ $2 {[%emt 0:02:21]} (38. Kf2 $18) 38... Qf7 $18 {[%emt 0:00:20]} (38... Qxe6 $14 39. Rxe6 h5) 39. Kg2 {[%emt 0:00:09]} Kh8 {[%emt 0:00:16]} 40. Qxf7 {[%emt 0:00:00]} Rxf7 {[%emt 0:00:00]} 41. Re6 {[%emt 0:00:41]} Kg8 {[%emt 0:01:34]} 42. Kf3 {[%emt 0:00:30]} Kf8 {[%emt 0:00:30]} 43. Ke4 {[%emt 0:00:30]} Rd7 {[%emt 0:00:30]} 44. Ke5 {[%emt 0:03:30]} Kf7 {[%emt 0:00:00]} 45. f6 {[%emt 0:00:30]} Kg6 {[%emt 0:05:00]} 46. a4 {[%emt 0:03:30]} Rf7 {[%emt 0:00:30]} 47. fxg7+ {[%emt 0:00:30]} Kxg7 {[%emt 0:00:30]} 48. Kd5 {[%emt 0:03:30]} Rf3 {[%emt 0:03:30]} 49. Re7+ {[%emt 0:00:30]} Kf8 {[%emt 0:01:30]} 50. Rxa7 {[%emt 0:00:30]} Rxd3 {[%emt 0:00:00]} 51. a5 {[%emt 0:00:00]} bxa5 {[%emt 0:01:00]} 52. b6 {[%emt 0:06:00]} 1-0